[Event "2BLW 2223 SF Neuberg - SG Solingen II"]
[Site "?"]
[Date "2023.03.18"]
[Round "9.2"]
[White "Bethke, Richard"]
[Black "Roseneck, Jonas"]
[Result "1-0"]
[WhiteElo "2383"]
[BlackElo "2407"]
[PlyCount "53"]
[EventDate "2023.??.??"]

1. e4 e5 2. Nf3 Nc6 3. Bc4 Nf6 4. d3 Bc5 5. O-O O-O 6. a4 d5 7. exd5 Nxd5 8. Nbd2 f6 9. Ne4 Bb6 10. b4 a6 11. Ba3 Nd4 12. c3 Nxf3+ 13. Qxf3 Be6 14. b5 Re8 15. a5 Ba7 16. b6 cxb6 17. Nd6 Nxc3 18. Nxe8 Qxe8 19. Bxe6+ Qxe6 20. Qxb7 Qc8 21. Qf3 bxa5 22. Rac1 Rb8 23. Rc2 Bd4 24. Bb2 Rb3 25. g3 Qd8 26. Qc6 Rxb2 27. Rxb2 1-0

[Event "2BLW 2223 SF Neuberg - SG Solingen II"]
[Site "?"]
[Date "2023.03.18"]
[Round "9.3"]
[White "Wegerle, Joerg"]
[Black "Lubbe, Melanie"]
[Result "1-0"]
[WhiteElo "2409"]
[BlackElo "2247"]
[PlyCount "63"]
[EventDate "2023.??.??"]

1. d4 Nf6 2. Bf4 g6 3. Nc3 d5 4. e3 Bg7 5. h4 a6 6. Be2 h5 7. Nf3 c5 8. dxc5 Qa5 9. O-O Qxc5 10. Na4 Qa5 11. c4 Bd7 12. Nc3 dxc4 13. Bxc4 O-O 14. Ne5 e6 15. Be2 b5 16. Bf3 Ra7 17. Qd4 Rc7 18. a3 Rcc8 19. Rfd1 Ng4 20. Bxg4 hxg4 21. Qd6 Bc6 22. Nxg4 Nd7 23. Rac1 Nb6 24. Qe7 Nc4 25. Nh6+ Kh7 26. Nxf7 Rce8 27. Ng5+ Kg8 28. Qc5 Nxb2 29. Rd6 Bb7 30. Rd7 Na4 31. Nxa4 Qxa4 32. Rxb7 1-0

[Event "2BLW 2223 SF Neuberg - SG Solingen II"]
[Site "?"]
[Date "2023.03.18"]
[Round "9.4"]
[White "Wahedi, Ahmad Siar"]
[Black "Halvax, Georg"]
[Result "0-1"]
[WhiteElo "2256"]
[BlackElo "2444"]
[PlyCount "100"]
[EventDate "2023.??.??"]

1. e4 c5 2. Nf3 Nc6 3. d4 cxd4 4. Nxd4 Nf6 5. Nc3 e6 6. Ndb5 Bc5 7. Nd6+ Ke7 8. Bf4 e5 9. Nf5+ Kf8 10. Bg5 d6 11. Qd2 h6 12. Bxf6 Qxf6 13. Nd5 Qd8 14. b4 Bb6 15. Nxb6 Qxb6 16. Qxd6+ Kg8 17. c3 Bxf5 18. exf5 Rd8 19. Qc5 Qxc5 20. bxc5 Rd5 21. Rb1 Rxc5 22. Rxb7 e4 23. Rc7 Rxc3 24. Be2 Kh7 25. Kd2 Rc5 26. Ke3 Rc3+ 27. Kd2 Rc5 28. Rb1 Rd8+ 29. Ke1 Rdd5 30. f6 gxf6 31. Rd1 Ne5 32. Rxa7 Kg6 33. Rxd5 Rxd5 34. Ra3 f5 35. f4 exf3 36. gxf3 Rd4 37. Ra5 f6 38. a3 Rh4 39. Ra8 Rxh2 40. a4 Rh1+ 41. Kf2 Rh2+ 42. Kf1 Kg5 43. Rg8+ Kf4 44. Rg2 Rh3 45. a5 Ke3 46. a6 Rh1+ 47. Rg1 Rh4 48. Bb5 Nxf3 49. Rg3 Rh1+ 50. Kg2 Rh2+ 0-1

[Event "2BLW 2223 SF Neuberg - SG Solingen II"]
[Site "?"]
[Date "2023.03.18"]
[Round "9.5"]
[White "Schlecht, Daniel"]
[Black "Lutz, Klaus-Juergen"]
[Result "1-0"]
[WhiteElo "2355"]
[BlackElo "2263"]
[PlyCount "137"]
[EventDate "2023.??.??"]

1. d4 f5 2. Nf3 e6 3. g3 Nf6 4. Bg2 Be7 5. O-O O-O 6. c4 d6 7. b3 a5 8. a3 Qe8 9. Bb2 Ne4 10. Nfd2 Nxd2 11. Nxd2 Bf6 12. e4 e5 13. exf5 Nc6 14. dxe5 Bxe5 15. Re1 Bxf5 16. Nf3 Bg4 17. Qd5+ Be6 18. Nxe5 dxe5 19. Qc5 Bd7 20. Bxe5 Nxe5 21. Rxe5 Qc8 22. Re7 c6 23. Rae1 Be8 24. Qb6 a4 25. b4 Rb8 26. Qd4 Bf7 27. c5 Qf5 28. Be4 Qh5 29. Re5 Qh6 30. Re7 Rfd8 31. Rd7 Re8 32. Re3 Qh3 33. Bg2 Qf5 34. Be4 Qh3 35. Qd6 Bc4 36. Bg2 Qf5 37. Qd4 Bf7 38. Qd3 Qf6 39. Be4 h6 40. h4 Be6 41. Rd6 Qa1+ 42. Kg2 Bf7 43. Qd4 Qa2 44. Qd2 Qxd2 45. Rxd2 Rbd8 46. Rxd8 Rxd8 47. Rd3 Re8 48. f3 Be6 49. h5 Kf8 50. Kf2 Ke7 51. Ke3 Rb8 52. Rd6 Bb3 53. Kd4 Bf7 54. g4 Be8 55. Ke5 Bf7 56. Bf5 Kf8 57. Rd7 Re8+ 58. Kd6 Bd5 59. Bg6 Re6+ 60. Kc7 Re7 61. Rxe7 Kxe7 62. f4 Be6 63. g5 Bd5 64. Kxb7 Ke6 65. Be8 Kf5 66. gxh6 gxh6 67. Bxc6 Bb3 68. Be8 Kxf4 69. c6 1-0

[Event "2BLW 2223 SF Neuberg - SG Solingen II"]
[Site "?"]
[Date "2023.03.18"]
[Round "9.6"]
[White "Schaffer, Hendrik"]
[Black "Schaefer, Markus"]
[Result "1/2-1/2"]
[WhiteElo "2228"]
[BlackElo "2355"]
[PlyCount "36"]
[EventDate "2023.??.??"]

1. d4 Nf6 2. c4 g6 3. Nc3 Bg7 4. e4 d6 5. Nf3 O-O 6. Be2 Na6 7. O-O e5 8. Be3 Ng4 9. Bg5 Qe8 10. h3 h6 11. Bc1 Nf6 12. Be3 exd4 13. Bxd4 Qe7 14. Nd5 Qd8 15. Nxf6+ Bxf6 16. Bxf6 Qxf6 17. Qd4 Qxd4 18. Nxd4 Re8 1/2-1/2

[Event "2BLW 2223 SF Neuberg - SG Solingen II"]
[Site "?"]
[Date "2023.03.18"]
[Round "9.7"]
[White "Kononenko, Tatiana"]
[Black "Baranyai-Molnar, Adam"]
[Result "0-1"]
[WhiteElo "2342"]
[BlackElo "1857"]
[PlyCount "118"]
[EventDate "2023.??.??"]

1. d4 f5 2. Nc3 Nf6 3. Bg5 d5 4. e3 e6 5. Bd3 Be7 6. Nge2 Ne4 7. Bf4 O-O 8. f3 Nf6 9. e4 fxe4 10. fxe4 c5 11. dxc5 Bxc5 12. exd5 Ng4 13. Qd2 e5 14. Bg5 Qc7 15. Ne4 h6 16. d6 Qf7 17. Be7 Bf2+ 18. Kd1 Be3 19. Qc3 Re8 20. Bc4 Be6 21. Bxe6 Qxe6 22. Qb3 Qxb3 23. axb3 Nc6 24. Bh4 g5 25. h3 gxh4 26. hxg4 Rf8 27. c3 Bg5 28. Kc2 Rac8 29. Kd3 Rfd8 30. b4 a6 31. g3 Be7 32. Ke3 Bxd6 33. Rxh4 Bf8 34. Rf1 Ne7 35. g5 Nd5+ 36. Kf2 hxg5 37. Nxg5 Be7 38. Rh6 Kg7 39. Rh7+ Kg6 40. Rxe7 Nxe7 41. Ne4 Rf8+ 42. Ke1 Rxf1+ 43. Kxf1 Nd5 44. Ke1 b6 45. Ng1 Rf8 46. Nd2 e4 47. Ke2 Re8 48. Nc4 Rh8 49. Kd2 Rd8 50. Ke2 Kf5 51. Nh3 b5 52. Na3 Rh8 53. Nf2 e3 54. g4+ Kf4 55. Nd3+ Kg3 56. c4 Rh2+ 57. Ke1 Nf4 58. Nxf4 Kxf4 59. cxb5 Kf3 0-1

[Event "2BLW 2223 SF Neuberg - SG Solingen II"]
[Site "?"]
[Date "2023.03.18"]
[Round "9.8"]
[White "Buchinger, Alexis"]
[Black "Kniest, Oliver"]
[Result "0-1"]
[WhiteElo "1850"]
[BlackElo "2309"]
[PlyCount "56"]
[EventDate "2023.??.??"]

1. e4 c6 2. d4 d5 3. e5 c5 4. Nf3 cxd4 5. Nxd4 Nc6 6. Nxc6 bxc6 7. Bd3 e6 8. O-O a5 9. Qe2 Ne7 10. Bg5 Qb6 11. c3 Ng6 12. h4 Qc7 13. Re1 h6 14. h5 hxg5 15. hxg6 f5 16. Qe3 g4 17. c4 Bb4 18. Rc1 dxc4 19. Bxc4 Qe7 20. g3 Bb7 21. Qb6 Bc5 22. Qb3 a4 23. Qc3 Rd8 24. Bf1 Bd4 25. Qc4 c5 26. Qb5+ Qd7 27. Qxd7+ Rxd7 28. Bg2 Bxb2 {0-} 0-1

[Event "2BLW 2223 SV Koblenz - Düsseldorfer SK"]
[Site "?"]
[Date "2023.03.19"]
[Round "10.1"]
[White "Agrest, Evgenij"]
[Black "Sulskis, Sarunas"]
[Result "1/2-1/2"]
[WhiteElo "2559"]
[BlackElo "2505"]
[PlyCount "29"]
[EventDate "2023.??.??"]

1. Nf3 d5 2. b3 c6 3. Bb2 Bg4 4. e3 Nd7 5. h3 Bh5 6. d3 Bxf3 7. Qxf3 e5 8. Nd2 Bb4 9. a3 Bxd2+ 10. Kxd2 Ngf6 11. Rd1 O-O 12. Kc1 a5 13. g4 a4 14. b4 Qe7 15. h4 1/2-1/2

[Event "2BLW 2223 SV Koblenz - Düsseldorfer SK"]
[Site "?"]
[Date "2023.03.19"]
[Round "10.2"]
[White "Wiedenkeller, Michael"]
[Black "Berelowitsch, Alexander"]
[Result "1/2-1/2"]
[WhiteElo "2430"]
[BlackElo "2493"]
[PlyCount "31"]
[EventDate "2023.??.??"]

1. d4 e6 2. e4 d5 3. exd5 exd5 4. Nf3 Nc6 5. Bb5 Bd6 6. O-O Nge7 7. c4 dxc4 8. Bxc4 O-O 9. h3 Bf5 10. Nc3 Qd7 11. Re1 Nb4 12. Re2 Qc6 13. Bb5 Qb6 14. Bc4 Qc6 15. Bb5 Qb6 16. Bc4 1/2-1/2

[Event "2BLW 2223 SV Koblenz - Düsseldorfer SK"]
[Site "?"]
[Date "2023.03.19"]
[Round "10.3"]
[White "Orlov, Andrey"]
[Black "Fritsche, Lutz"]
[Result "0-1"]
[WhiteElo "2513"]
[BlackElo "2296"]
[PlyCount "118"]
[EventDate "2023.??.??"]

1. e4 g6 2. d4 Bg7 3. Nf3 d6 4. Bc4 Nf6 5. Qe2 O-O 6. O-O Bg4 7. Rd1 Nc6 8. Bb5 Nd7 9. c3 e5 10. d5 Ne7 11. h3 Bxf3 12. Qxf3 f5 13. Bxd7 Qxd7 14. c4 Kh8 15. Nc3 Ng8 16. Qe2 Qe7 17. Rd3 Qh4 18. Rg3 Bh6 19. Bxh6 Qxh6 20. Qd3 f4 21. Rf3 g5 22. Qd1 Qg6 23. Rd3 Nf6 24. f3 h5 25. Kf1 Rf7 26. Ke2 g4 27. hxg4 hxg4 28. Kd2 Rg8 29. Kc2 Rh7 30. Rd2 Rh2 31. Qf1 Qh5 32. Rad1 gxf3 33. gxf3 Rh3 34. c5 Qxf3 35. Qxf3 Rxf3 36. Rh1+ Kg7 37. Rd3 Rf2+ 38. Kb3 Kf7 39. c6 bxc6 40. dxc6 Rb8+ 41. Ka3 Rbxb2 42. Rxd6 Rb8 43. Rd3 Rb6 44. Rg1 Rxc6 45. Rg5 Rc2 46. Na4 R2c4 47. Kb3 Rxe4 48. Rd1 Re3+ 49. Kb4 Rd6 50. Rc1 Rd4+ 51. Ka5 Nd5 52. Nc5 Ra3+ 53. Kb5 Ne7 54. Nb3 c6+ 55. Kc5 Rd5+ 56. Kb4 Rxa2 57. Rh1 Rb5+ 58. Kc4 Ra4+ 59. Kc3 Ra3 0-1

[Event "2BLW 2223 SV Koblenz - Düsseldorfer SK"]
[Site "?"]
[Date "2023.03.19"]
[Round "10.4"]
[White "Doncevic, Dario"]
[Black "Levin, Felix"]
[Result "1/2-1/2"]
[WhiteElo "2219"]
[BlackElo "2456"]
[PlyCount "112"]
[EventDate "2023.??.??"]

1. e4 c5 2. c3 d5 3. exd5 Qxd5 4. d4 Nc6 5. Nf3 Bf5 6. Be3 Nf6 7. Nbd2 cxd4 8. Nxd4 Nxd4 9. Bxd4 e5 10. Be3 Ng4 11. Nc4 Qc6 12. a4 a6 13. Qf3 Qxf3 14. gxf3 Nxe3 15. fxe3 e4 16. fxe4 Bxe4 17. Rg1 O-O-O 18. Bg2 Bg6 19. Rd1 Be7 20. Rd4 Bc5 21. Rxd8+ Rxd8 22. Bh3+ Kc7 23. b4 Be7 24. Ne5 Bf6 25. Nxg6 hxg6 26. Ke2 Rh8 27. Bg4 Rxh2+ 28. Kd3 Be5 29. Bf3 Rh3 30. Bd5 Bf4 31. Re1 f6 32. Be6 Rg3 33. Ke4 Be5 34. Rd1 Bxc3 35. Rd7+ Kc6 36. b5+ axb5 37. axb5+ Kc5 38. Rc7+ Kd6 39. Rxc3 Kxe6 40. Rc7 Rg4+ 41. Kf3 Rb4 42. Rxb7 g5 43. b6 g6 44. Rb8 Kf5 45. b7 g4+ 46. Kf2 Rb3 47. Kg2 Kg5 48. e4 Rb4 49. Kf2 Rb1 50. Kg2 Rb3 51. Kf2 g3+ 52. Kg2 Kg4 53. Rg8 Rb2+ 54. Kg1 Rxb7 55. Rxg6+ Kf3 56. Rxf6+ Kg4 1/2-1/2

[Event "2BLW 2223 SV Koblenz - Düsseldorfer SK"]
[Site "?"]
[Date "2023.03.19"]
[Round "10.5"]
[White "Jogstad, Martin"]
[Black "Repplinger, Marc"]
[Result "1-0"]
[WhiteElo "2405"]
[BlackElo "2159"]
[PlyCount "59"]
[EventDate "2023.??.??"]

1. Nf3 Nf6 2. d4 e6 3. g3 d5 4. Bg2 c5 5. c4 Nc6 6. O-O Be7 7. dxc5 Bxc5 8. a3 dxc4 9. Qa4 Qb6 10. Ne5 Bd7 11. Nxd7 Nxd7 12. Nd2 Nde5 13. Nxc4 Nxc4 14. Qxc4 Rc8 15. e3 O-O 16. b4 Bd6 17. Qe4 Be5 18. Rb1 Bf6 19. a4 Rfd8 20. Ba3 Rc7 21. Rfc1 Rdc8 22. Rc5 a6 23. b5 Na5 24. bxa6 Qxa6 25. Bf1 Qa7 26. Rcb5 Nc4 27. Rxb7 Rxb7 28. Rxb7 Qa8 29. Bxc4 Qxa4 30. Bd3 1-0

[Event "2BLW 2223 SV Koblenz - Düsseldorfer SK"]
[Site "?"]
[Date "2023.03.19"]
[Round "10.6"]
[White "Steinacker, Alex"]
[Black "De Gleria, Francesco"]
[Result "1-0"]
[WhiteElo "2289"]
[BlackElo "2372"]
[PlyCount "101"]
[EventDate "2023.??.??"]

1. g3 e5 2. c4 Nf6 3. Bg2 d5 4. cxd5 Nxd5 5. Nc3 Nb6 6. Nf3 Nc6 7. O-O Be7 8. d3 Be6 9. Be3 Nd5 10. Nxd5 Bxd5 11. Qa4 O-O 12. Rfc1 Re8 13. Bc5 Bf6 14. e4 Be6 15. Rc3 a6 16. a3 Qd7 17. Be3 Red8 18. Rac1 h6 19. b4 Rac8 20. Qc2 Qe8 21. Qb2 Rd7 22. b5 axb5 23. Qxb5 Nd4 24. Bxd4 c6 25. Qb2 exd4 26. R3c2 Ra8 27. Ra1 Ra4 28. Nd2 Qa8 29. f4 Rd8 30. f5 Bc8 31. Nc4 Qa7 32. e5 Be7 33. Rf2 b5 34. Nd2 Bxa3 35. Qb3 Be7 36. Rxa4 bxa4 37. Qa2 Bg5 38. Rf1 Bd7 39. e6 Be8 40. Ne4 Be3+ 41. Kh1 fxe6 42. f6 Bf7 43. Qa3 c5 44. Nxc5 gxf6 45. Nb7 Rc8 46. h4 Rc7 47. Rb1 Rc3 48. Qe7 Kg7 49. Rf1 f5 50. Rxf5 exf5 51. Bd5 1-0

[Event "2BLW 2223 SV Koblenz - Düsseldorfer SK"]
[Site "?"]
[Date "2023.03.19"]
[Round "10.7"]
[White "Agrest, Inna"]
[Black "Suranyi, Pal"]
[Result "1-0"]
[WhiteElo "2273"]
[BlackElo "2002"]
[PlyCount "63"]
[EventDate "2023.??.??"]

1. e4 g6 2. d4 Bg7 3. Nc3 d6 4. Be3 a6 5. h3 e5 6. dxe5 Bxe5 7. Nf3 Bg7 8. Bc4 Nc6 9. Qd2 Be6 10. Bd5 Nge7 11. O-O-O h6 12. Nd4 Bxd5 13. exd5 Ne5 14. Qe2 O-O 15. g4 c5 16. dxc6 bxc6 17. Rhe1 d5 18. Bf4 c5 19. Bxe5 Bxe5 20. Qxe5 cxd4 21. Qxd4 Rc8 22. Qe3 Rc7 23. Qxh6 Rd7 24. h4 Nc6 25. h5 Rd6 26. hxg6 Rxg6 27. Qf4 d4 28. Ne4 d3 29. Rxd3 Qa5 30. Rh1 Qxa2 31. Qh2 Qa1+ 32. Kd2 1-0

[Event "2BLW 2223 SV Koblenz - Düsseldorfer SK"]
[Site "?"]
[Date "2023.03.19"]
[Round "10.8"]
[White "Petersen, Henrik"]
[Black "von Buenau, Heinrich"]
[Result "1-0"]
[WhiteElo "2121"]
[BlackElo "2202"]
[PlyCount "79"]
[EventDate "2023.??.??"]

1. e4 e6 2. d4 d5 3. Nd2 Nc6 4. Ngf3 Nf6 5. e5 Nd7 6. Nb3 a5 7. a4 b6 8. c3 Ncb8 9. h4 Ba6 10. h5 h6 11. Rh3 Bxf1 12. Kxf1 c5 13. Rg3 Nc6 14. Be3 Qc8 15. Nc1 cxd4 16. cxd4 Nb4 17. Ne1 Qa6+ 18. Kg1 Rh7 19. Bd2 Rc8 20. Ncd3 Nxd3 21. Rxd3 Be7 22. Rc1 Rh8 23. Rxc8+ Qxc8 24. Rc3 Qb7 25. Qc2 Bd8 26. Rg3 Kf8 27. b4 Nb8 28. b5 Nd7 29. Bc1 f5 30. Ba3+ Kf7 31. Bd6 Re8 32. Qc6 Qa7 33. Nd3 Bg5 34. Bc7 f4 35. Nxf4 Bxf4 36. Qxd7+ Re7 37. Rxg7+ Kxg7 38. Qxe7+ Kh8 39. Bd6 Qxe7 40. Bxe7 1-0

[Event "2BLW 2223 SC Heimbach-Weis-Neuwied - SV "]
[Site "?"]
[Date "2023.03.19"]
[Round "10.1"]
[White "Van Osch, Mees"]
[Black "Livaic, Leon"]
[Result "0-1"]
[WhiteElo "2350"]
[BlackElo "2569"]
[PlyCount "50"]
[EventDate "2023.??.??"]

1. e4 c5 2. Nf3 d6 3. d4 cxd4 4. Nxd4 Nf6 5. Nc3 a6 6. Be3 e6 7. f3 h5 8. Bd3 Nbd7 9. O-O Qc7 10. a4 b6 11. Qe2 Bb7 12. Kh1 h4 13. Rae1 g6 14. Kg1 Bg7 15. f4 h3 16. g4 Rh4 17. Nf3 Rxg4+ 18. Kh1 Nc5 19. Ng5 d5 20. Bxc5 dxe4 21. Ncxe4 bxc5 22. Rf3 Rxf4 23. Nxf6+ Bxf6 24. Bxg6 Bxg5 25. Qxe6+ Kf8 0-1

[Event "2BLW 2223 SC Heimbach-Weis-Neuwied - SV"]
[Site "?"]
[Date "2023.03.19"]
[Round "10.2"]
[White "Kraus, Tomas"]
[Black "Van Meegen, Ruud"]
[Result "1-0"]
[WhiteElo "2486"]
[BlackElo "2292"]
[PlyCount "81"]
[EventDate "2023.??.??"]

1. e4 c6 2. d4 d5 3. exd5 cxd5 4. Bd3 Nc6 5. c3 Qc7 6. Ne2 Bg4 7. O-O e6 8. Qe1 Bxe2 9. Qxe2 Bd6 10. g3 Nge7 11. Nd2 h5 12. Nf3 O-O-O 13. Ng5 Ng8 14. f4 Kb8 15. Bd2 Rf8 16. Rae1 Nge7 17. b4 h4 18. g4 Nc8 19. a4 a5 20. b5 N6e7 21. f5 exf5 22. gxf5 Nb6 23. f6 gxf6 24. Rxf6 Nec8 25. Ref1 Nxa4 26. Nxf7 Rhg8+ 27. Kh1 Ka8 28. Nxd6 Rxf6 29. Rxf6 Nxd6 30. Bf4 Nxc3 31. Qe6 Re8 32. Bxd6 Qd8 33. Qxe8 Qxe8 34. Rf8 Qxf8 35. Bxf8 Ka7 36. Bc5+ b6 37. Ba3 h3 38. Kg1 Kb7 39. Kf2 Kc7 40. Ke3 Nd1+ 41. Ke2 1-0

[Event "2BLW 2223 SC Heimbach-Weis-Neuwied - SV "]
[Site "?"]
[Date "2023.03.19"]
[Round "10.3"]
[White "Stillger, Bernhard"]
[Black "Tica, Sven"]
[Result "1/2-1/2"]
[WhiteElo "2295"]
[BlackElo "2439"]
[PlyCount "66"]
[EventDate "2023.??.??"]

1. d4 d5 2. c4 e6 3. Nf3 Nf6 4. Nc3 Nbd7 5. Bf4 dxc4 6. e3 Nb6 7. Bxc4 Nxc4 8. Qa4+ c6 9. Qxc4 Nd5 10. Bg3 Qb6 11. O-O Qb4 12. Qxb4 Bxb4 13. Ne4 O-O 14. Rac1 Rd8 15. Rfd1 Bf8 16. Nc5 f6 17. Nd3 Kf7 18. a3 a5 19. Nd2 e5 20. dxe5 Nxe3 21. fxe3 Rxd3 22. Nc4 Rxd1+ 23. Rxd1 Be6 24. Nd6+ Bxd6 25. exd6 Ke8 26. e4 Kd7 27. Kf2 Ra6 28. e5 Rb6 29. Rd2 Rb5 30. exf6 Rf5+ 31. Ke3 Rxf6 32. Rf2 Rxf2 33. Kxf2 Bd5 1/2-1/2

[Event "2BLW 2223 SC Heimbach-Weis-Neuwied - SV "]
[Site "?"]
[Date "2023.03.19"]
[Round "10.5"]
[White "Helmer, Christoph"]
[Black "Krejci, Jan"]
[Result "0-1"]
[WhiteElo "2212"]
[BlackElo "2520"]
[PlyCount "74"]
[EventDate "2023.??.??"]

1. e4 e5 2. Nf3 Nc6 3. Bb5 a6 4. Ba4 Nf6 5. O-O Be7 6. d3 b5 7. Bb3 d6 8. a3 O-O 9. Nc3 Rb8 10. Nd5 Nxd5 11. Bxd5 Qe8 12. c3 Bf6 13. d4 exd4 14. cxd4 Bg4 15. Be3 Bxf3 16. gxf3 Ne7 17. Bb3 Ng6 18. Kh1 Qe7 19. Rc1 c5 20. dxc5 Be5 21. Rg1 dxc5 22. Bxc5 Qh4 23. Rg3 Rfd8 24. Qe2 Nf4 25. Qf1 Nd3 26. Rh3 Qf6 27. Rc2 Nxc5 28. Rxc5 Rbc8 29. Qc1 Bxb2 30. Qc2 Rxc5 31. Qxc5 Bd4 32. Qh5 h6 33. Kg2 Bxf2 34. e5 Qf4 35. Kxf2 Qd4+ 36. Kg2 Qb2+ 37. Kg3 Qxb3 0-1

[Event "2BLW 2223 SC Heimbach-Weis-Neuwied - SV "]
[Site "?"]
[Date "2023.03.19"]
[Round "10.6"]
[White "Polak, Tomas"]
[Black "Kahleys, Kevin"]
[Result "1/2-1/2"]
[WhiteElo "2504"]
[BlackElo "2201"]
[PlyCount "62"]
[EventDate "2023.??.??"]

1. Nf3 Nf6 2. c4 e6 3. b3 d5 4. Bb2 Be7 5. e3 O-O 6. d4 Ne4 7. Bd3 f5 8. O-O Nd7 9. Qe2 b6 10. Nbd2 Bb7 11. Rfd1 a5 12. a3 Bd6 13. Nf1 Qe7 14. Ne5 c6 15. f3 Nef6 16. Ng3 g6 17. Kh1 Rad8 18. Re1 Bb8 19. b4 axb4 20. axb4 Nxe5 21. dxe5 Nd7 22. f4 c5 23. b5 Rfe8 24. h3 Nf8 25. Nf1 Qh4 26. Kg1 g5 27. cxd5 Bxd5 28. Qf2 Qxf2+ 29. Kxf2 gxf4 30. exf4 Bxg2 31. Re3 Bd5 1/2-1/2

[Event "2BLW 2223 SC Heimbach-Weis-Neuwied - SV "]
[Site "?"]
[Date "2023.03.19"]
[Round "10.8"]
[White "Puth, Dieter"]
[Black "Oltmanns, Jan"]
[Result "0-1"]
[WhiteElo "2186"]
[BlackElo "2155"]
[PlyCount "90"]
[EventDate "2023.??.??"]

1. d4 Nf6 2. c4 Nc6 3. Nf3 e6 4. e3 Bb4+ 5. Nbd2 d6 6. Be2 O-O 7. O-O Bxd2 8. Bxd2 e5 9. d5 Ne7 10. Bb4 a5 11. Ba3 b5 12. b3 h6 13. Nd2 Bf5 14. f3 b4 15. Bb2 Nd7 16. f4 exf4 17. exf4 Nc5 18. Nf3 Be4 19. Nd4 Qd7 20. Qd2 Rfd8 21. f5 f6 22. g4 a4 23. Ne6 axb3 24. Nxc5 dxc5 25. axb3 Nc8 26. Rfe1 c6 27. Bd1 Nd6 28. Bc2 Rxa1 29. Bxa1 Bxc2 30. Qxc2 cxd5 31. cxd5 Rc8 32. h3 c4 33. bxc4 Rxc4 34. Qd3 Qa7+ 35. Kh1 Qf2 36. Qf1 Qc5 37. Qg2 b3 38. Bb2 Rc2 39. Re2 Rxe2 40. Qxe2 Qxd5+ 41. Kg1 Qc5+ 42. Kh1 Qc4 43. Qd1 Qe4+ 44. Kg1 Qe3+ 45. Kg2 Ne4 0-1

[Event "2BLW 2223 Aachener SV - SG Porz"]
[Site "?"]
[Date "2023.03.19"]
[Round "10.1"]
[White "Lutz, Christopher"]
[Black "Seel, Christian"]
[Result "1/2-1/2"]
[WhiteElo "2527"]
[BlackElo "2482"]
[PlyCount "26"]
[EventDate "2023.??.??"]

1. e4 e5 2. Nf3 Nc6 3. Bb5 a6 4. Ba4 Nf6 5. d3 d6 6. c3 g6 7. Nbd2 Bg7 8. Nf1 O-O 9. Ng3 b5 10. Bc2 Re8 11. O-O Bb7 12. a4 Nb8 13. Re1 Nbd7 1/2-1/2

[Event "2BLW 2223 Aachener SV - SG Porz"]
[Site "?"]
[Date "2023.03.19"]
[Round "10.2"]
[White "Koch, Thomas"]
[Black "Xu, Xianliang"]
[Result "0-1"]
[WhiteElo "2429"]
[BlackElo "2447"]
[PlyCount "76"]
[EventDate "2023.??.??"]

1. Nf3 c5 2. c4 Nc6 3. Nc3 g6 4. g3 Bg7 5. Bg2 Nf6 6. O-O O-O 7. d4 cxd4 8. Nxd4 Qa5 9. Nc2 d6 10. e4 Bg4 11. f3 Be6 12. Nd5 Rac8 13. Be3 Nd7 14. Nd4 Bxd5 15. Nb3 Qa6 16. cxd5 Nb4 17. Nd4 Bxd4 18. Bxd4 Nc2 19. Rc1 Nxd4 20. Qxd4 Rxc1 21. Rxc1 Qxa2 22. b4 a5 23. Ra1 Qb3 24. bxa5 Rc8 25. f4 Rc4 26. Qd2 Nc5 27. e5 Rc2 28. Qd4 Rb2 29. Rc1 Nd3 30. Rc8+ Kg7 31. Bf1 Rb1 32. exd6+ Kh6 33. Qb6 Qd1 34. Qxb1 Qxb1 35. d7 Qe1 36. Rc2 Qe3+ 37. Kg2 Ne1+ 38. Kh3 Qf3 0-1

[Event "2BLW 2223 Aachener SV - SG Porz"]
[Site "?"]
[Date "2023.03.19"]
[Round "10.3"]
[White "Rotstein, Arkadij"]
[Black "Lemmers, Oscar"]
[Result "1/2-1/2"]
[WhiteElo "2451"]
[BlackElo "2348"]
[PlyCount "100"]
[EventDate "2023.??.??"]

1. Nf3 d5 2. e3 Nf6 3. c4 c6 4. Nc3 g6 5. b3 Bg7 6. Bb2 O-O 7. d4 Bg4 8. Be2 e6 9. O-O Nbd7 10. h3 Bxf3 11. Bxf3 a6 12. Qc2 Re8 13. Rfd1 b5 14. Be2 Qb8 15. a4 b4 16. Nb1 a5 17. Nd2 Ra7 18. Rac1 Rd8 19. Bd3 e5 20. cxd5 Nxd5 21. Be4 exd4 22. Bxd5 cxd5 23. Bxd4 Bxd4 24. exd4 Nf8 25. Nf3 Ne6 26. Qe2 Rc7 27. Qe5 Rc3 28. Qf6 Qf4 29. Qxf4 Nxf4 30. Rb1 Re8 31. Ne5 Ne2+ 32. Kf1 Nf4 33. Ng4 Kg7 34. Ne3 Re4 35. h4 Ne6 36. Nxd5 Rc6 37. Nxb4 axb4 38. d5 Rc2 39. dxe6 Ree2 40. e7 Rxf2+ 41. Kg1 Rxg2+ 42. Kh1 Rh2+ 43. Kg1 Rcg2+ 44. Kf1 Rf2+ 45. Kg1 Rfg2+ 46. Kf1 Re2 47. Kg1 Rhg2+ 48. Kf1 Rh2 49. Kg1 Rhg2+ 50. Kf1 Rh2 1/2-1/2

[Event "2BLW 2223 Aachener SV - SG Porz"]
[Site "?"]
[Date "2023.03.19"]
[Round "10.4"]
[White "Sonntag, Hans-Hubert"]
[Black "Suvorov, Luca"]
[Result "0-1"]
[WhiteElo "2293"]
[BlackElo "2300"]
[PlyCount "58"]
[EventDate "2023.??.??"]

1. d4 Nf6 2. Nf3 g6 3. Bf4 Bg7 4. e3 d6 5. h3 O-O 6. Be2 Nbd7 7. O-O Qe8 8. c4 e5 9. Bh2 Ne4 10. Nbd2 Nxd2 11. Qxd2 e4 12. Ne1 f5 13. Nc2 g5 14. c5 Qg6 15. cxd6 cxd6 16. f3 exf3 17. gxf3 f4 18. Kh1 Qh6 19. Rg1 Nb6 20. Bf1 Kh8 21. Qg2 Bf6 22. exf4 gxf4 23. Qd2 Nd5 24. Rg4 Bxg4 25. fxg4 Bg5 26. Qa5 Ne3 27. Nxe3 fxe3 28. Qd5 Bf4 29. Bg1 e2 0-1

[Event "2BLW 2223 Aachener SV - SG Porz"]
[Site "?"]
[Date "2023.03.19"]
[Round "10.5"]
[White "Pauly, Carlo"]
[Black "Meessen, Rudolf"]
[Result "1-0"]
[WhiteElo "2297"]
[BlackElo "2167"]
[PlyCount "61"]
[EventDate "2023.??.??"]

1. d4 d6 2. Nf3 Nf6 3. c4 g6 4. Nc3 Bg7 5. e4 O-O 6. Be2 e5 7. Be3 exd4 8. Nxd4 Re8 9. f3 c6 10. Bf2 d5 11. exd5 cxd5 12. O-O Nc6 13. c5 Nh5 14. Qd2 Be5 15. g3 Bh3 16. Rfe1 Qf6 17. Nxd5 Qg7 18. Nxc6 bxc6 19. f4 Bxb2 20. Rab1 Rab8 21. Bxh5 Rxe1+ 22. Qxe1 cxd5 23. Bf3 Bf5 24. Rd1 Bc2 25. Rxd5 Qf6 26. Rd6 Qf5 27. c6 Bf6 28. c7 Rc8 29. Rd8+ Kg7 30. Qe8 Bxd8 31. cxd8=Q 1-0

[Event "2BLW 2223 Aachener SV - SG Porz"]
[Site "?"]
[Date "2023.03.19"]
[Round "10.6"]
[White "Ahn, Martin"]
[Black "Marcziter, Dmitrii"]
[Result "1/2-1/2"]
[WhiteElo "2170"]
[BlackElo "2225"]
[PlyCount "21"]
[EventDate "2023.??.??"]

1. e4 c5 2. Nf3 a6 3. c3 d5 4. exd5 Qxd5 5. d4 Nf6 6. Be2 Bg4 7. O-O e6 8. h3 Bh5 9. Be3 cxd4 10. cxd4 Nc6 11. Nc3 1/2-1/2

[Event "2BLW 2223 Aachener SV - SG Porz"]
[Site "?"]
[Date "2023.03.19"]
[Round "10.7"]
[White "Gallasch, Jonas"]
[Black "Meyer, Mario"]
[Result "1-0"]
[WhiteElo "2301"]
[BlackElo "2154"]
[PlyCount "93"]
[EventDate "2023.??.??"]

1. d4 f5 2. g3 Nf6 3. Bg2 g6 4. Nf3 Bg7 5. c3 d5 6. Nbd2 O-O 7. Ne5 Nbd7 8. Nd3 e6 9. Nf3 b6 10. h4 h6 11. Bf4 Ne4 12. Qc1 Kh7 13. Qe3 Re8 14. O-O-O c5 15. Bh3 Ba6 16. Nde5 Nxe5 17. Nxe5 Rc8 18. Kb1 Nd6 19. g4 Bxe5 20. dxe5 Nf7 21. gxf5 gxf5 22. Qf3 Rg8 23. Qh5 Rg7 24. e4 Rc6 25. exd5 exd5 26. Bxf5+ Kg8 27. Rhg1 Bc8 28. Rxg7+ Kxg7 29. Qg4+ Kf8 30. Bxc8 Qxc8 31. Qxc8+ Rxc8 32. e6 Nd8 33. Rxd5 Nxe6 34. Bxh6+ Ke7 35. Be3 Rh8 36. h5 Nc7 37. Rf5 Ke6 38. Rg5 Kf6 39. Kc2 Ne6 40. Rd5 Rh7 41. h6 Rf7 42. Kd3 Kg6 43. Ke4 Nc7 44. Rg5+ Kh7 45. Rf5 Re7+ 46. Re5 Rf7 47. Bg5 1-0